000 00769nam a22002297a 4500
005 2010092300390.0
008 100923t xxu||||| |||| 00| 0 eng d
010 _aENG-101521
020 _a9788175348851
_c425.00
035 _aEN-85054
037 _bDBAD/PUB
040 _adpl
_bEnglish
100 _aVenkatraman, Srikanth
_921271
245 _aUnderstanding designs act/
_cby Srikanth Venkatraman
260 _aNew Delhi
_bUniversal Law Publishing
_c2010
270 _aC-FF-1A, Dilkhush Industrial Estate
_bNew Delhi
_e110020
300 _ax,424p.
_c24cm (pbk)
500 _aIncludes index
700 _921281
942 _2ddc
_cEN
_mVEN
999 _c47611
_d47611